000 00474nam a2200169Ia 4500
008 151021s9999 xx 000 0 und d
020 _a130107344
050 _aQA276.12 .L373 2000
245 _a_Elementary Statistics picturing the world
260 _aNew Jersey Prentice hall 2000
300 _axxix,556p.
500 _aIncludes index.
500 _aIncludes index.
650 _a_Statistics
700 _a_Betsy Farber
980 _a^d20130530 04:11:20^oanne
999 _c13942
_d13942